[Event "SC Naturns Jambo II-ASD Arci Scacchi"]
[Site "?"]
[Date "2012.11.10"]
[Round "2.4"]
[White "Gurschler, Thomas"]
[Black "Pollana, Marco"]
[Result "0-1"]
[WhiteElo "1674"]
[BlackElo "1766"]
[PlyCount "88"]
[EventDate "2012.??.??"]

1. d4 d6 2. Bf4 Nd7 3. Nf3 g6 4. e3 Bg7 5. Be2 h6 6. O-O e6 7. c3 Ne7 8. h3 b6
9. a4 a6 10. Nbd2 Bb7 11. b4 O-O 12. Rc1 f5 13. Qc2 Nf6 14. Bh2 g5 15. Ne1 Kh8
16. Bf3 Bxf3 17. Nexf3 g4 18. hxg4 Nxg4 19. Bg3 Qe8 20. Nh2 Qg6 21. Nxg4 Qxg4
22. Qd1 Qg6 23. c4 e5 24. dxe5 dxe5 25. Bh4 Bf6 26. Bxf6+ Rxf6 27. Qf3 Rg8 28.
Qh3 e4 29. f4 Qg7 30. Rf2 Rg6 31. Nf1 Rg4 32. Rcc2 Qf6 33. Qh1 Rh4 34. Nh2 Qa1+
35. Rf1 Qxa4 36. Rfc1 Qxb4 37. Kf2 Qc5 38. Rd2 Rxf4+ 39. Ke2 Rh4 40. Qg1 f4 41.
Rc3 fxe3 42. Rxe3 Nf5 43. Qa1+ Rg7 44. Rh3 Rxh3 0-1

[Event "SC Naturns Jambo II-ASD Arci Scacchi"]
[Site "?"]
[Date "2012.11.10"]
[Round "2.5"]
[White "D'Ambrosio, Luca"]
[Black "Naegele, Raimund"]
[Result "1-0"]
[WhiteElo "1748"]
[BlackElo "1653"]
[PlyCount "101"]
[EventDate "2012.??.??"]

1. d4 Nf6 2. Nf3 b6 3. Bg5 Bb7 4. e3 e6 5. h3 Be7 6. Bd3 O-O 7. Nbd2 d5 8. Qe2
c5 9. c3 Nbd7 10. O-O Ne4 11. Bxe7 Qxe7 12. Rad1 c4 13. Bxe4 dxe4 14. Ne5 Nxe5
15. dxe5 b5 16. Qg4 Qc7 17. Nxe4 Qxe5 18. Ng3 Rad8 19. Rxd8 Rxd8 20. Rd1 Rxd1+
21. Qxd1 Qd5 22. Qxd5 Bxd5 23. e4 Bb7 24. f4 Kf8 25. Kf2 Ke7 26. Ke3 g6 27. Nh1
f5 28. Nf2 Kd6 29. Kd4 a6 30. e5+ Kc7 31. g3 Bf3 32. Kc5 h6 33. h4 Bh5 34. a4
bxa4 35. Kxc4 Be2+ 36. Kb4 Bb5 37. c4 a3 38. bxa3 Bc6 39. Nd3 Kb6 40. c5+ Kb7
41. Ka5 Bb5 42. Nb4 Bf1 43. a4 Be2 44. Nc2 Bc4 45. Nd4 Kc7 46. Kb4 Bd5 47. Nc2
Kc6 48. Nd4+ Kc7 49. Ka5 Bc4 50. c6 Kc8 51. Kb6 1-0

[Event "SC Naturns Jambo II-ASD Arci Scacchi"]
[Site "?"]
[Date "2012.11.10"]
[Round "2.6"]
[White "Wielander, Wolfgang"]
[Black "Rinaldo, Gaetano"]
[Result "0-1"]
[WhiteElo "1564"]
[BlackElo "1786"]
[PlyCount "74"]
[EventDate "2012.??.??"]

1. d4 Nf6 2. Nf3 d6 3. c4 g6 4. Nc3 Bg7 5. e4 O-O 6. Be2 Nbd7 7. O-O e5 8. d5
Nc5 9. Qc2 a5 10. Bg5 h6 11. Be3 Kh7 12. a3 a4 13. Bxc5 dxc5 14. Nxa4 Qe7 15.
Nc3 Ne8 16. Nd2 Nd6 17. Bd3 f5 18. Kh1 f4 19. b4 Ne8 20. b5 b6 21. a4 g5 22.
Nb3 g4 23. g3 Nd6 24. Qd1 Qg5 25. Nd2 Bd7 26. Qe2 h5 27. Qd1 f3 28. Re1 Bh6 29.
Nf1 h4 30. Ne3 hxg3 31. hxg3 Qh5+ 32. Kg1 Kg6 33. Nf5 Bg5 34. Be2 fxe2 35. Rxe2
Rh8 36. f4 Qh1+ 37. Kf2 Qf3+ 0-1

[Event "SC SSV Bruneck-SC Lana"]
[Site "?"]
[Date "2012.11.10"]
[Round "2.1"]
[White "Hoelzl, Matthias"]
[Black "Peintner, Andreas"]
[Result "0-1"]
[WhiteElo "1709"]
[BlackElo "1898"]
[PlyCount "102"]
[EventDate "2012.??.??"]

1. e4 c5 2. f4 Nc6 3. Nf3 g6 4. Bb5 Bg7 5. Bxc6 bxc6 6. O-O Nf6 7. d3 O-O 8.
Nc3 d6 9. Bd2 Rb8 10. Rb1 Ne8 11. Qe1 Nc7 12. Qh4 e6 13. Qf2 Qe7 14. Na4 f6 15.
c4 Bd7 16. Qh4 e5 17. Be3 Ne6 18. fxe5 dxe5 19. Qe1 Rb4 20. b3 Rfb8 21. Qf2 Nd4
22. Bd2 R4b7 23. Bc1 Ne6 24. Ba3 Bf8 25. Nh4 Rd8 26. Qxf6 Qxf6 27. Rxf6 Be7 28.
Rxe6 Bxe6 29. Nf3 Rxd3 30. Nxe5 Rd2 31. Nxc5 Bxc5+ 32. Bxc5 Rxa2 33. Nxc6 Bxc4
34. b4 Bd3 35. Re1 Bb5 36. Nd4 a5 37. e5 axb4 38. e6 Be8 39. Re3 Ra1+ 40. Kf2
Rc1 41. Bd6 Rd1 42. Be5 Rd2+ 43. Kf3 Ba4 44. Bf6 Ra2 45. e7 Ra3 46. Nb3 Kf7 47.
Nc5 Bc6+ 48. Kf4 Rxe3 49. Kxe3 Rb5 50. Ne4 Bxe4 51. Kxe4 b3 0-1

[Event "SC SSV Bruneck-SC Lana"]
[Site "?"]
[Date "2012.11.10"]
[Round "2.2"]
[White "Balzarini, Franco"]
[Black "Pichler, Norbert"]
[Result "1-0"]
[WhiteElo "1775"]
[BlackElo "1617"]
[PlyCount "111"]
[EventDate "2012.??.??"]

1. Nf3 Nf6 2. d4 c5 3. g3 e6 4. Bg2 d5 5. O-O Nc6 6. b3 Be7 7. Bb2 O-O 8. Nbd2
Bd7 9. c4 Rc8 10. cxd5 Nxd5 11. dxc5 Bxc5 12. Ne4 Bb6 13. Nd6 Rc7 14. Nc4 Bc5
15. Qd2 Qe7 16. e4 Nb6 17. Ne3 f6 18. Rac1 Rd8 19. Rfd1 Be8 20. Qe2 Rxd1+ 21.
Nxd1 e5 22. Nh4 g6 23. Ne3 Nd4 24. Qd3 Bb5 25. Nc4 Nxc4 26. bxc4 Ba6 27. Nf3
Nxf3+ 28. Bxf3 Rd7 29. Qb3 Qd8 30. Bc3 Kf7 31. Kg2 Rd6 32. Be2 Qb6 33. Be1 Ke6
34. h4 Qc7 35. h5 Rb6 36. Qd3 Rd6 37. Qf3 b6 38. hxg6 hxg6 39. Qg4+ Kf7 40. Bc3
Qc8 41. Qh4 Kg7 42. Rh1 Qg8 43. Bxe5 Re6 44. Bc3 Kf7 45. Qf4 Bb7 46. Bf3 Bd6
47. Qe3 g5 48. Bh5+ Ke7 49. f3 Bc5 50. Qd2 Rd6 51. Qb2 Qxc4 52. Bg4 Ba6 53. e5
fxe5 54. Bxe5 Rh6 55. Re1 Kf7 56. Bg7 1-0

[Event "SC SSV Bruneck-SC Lana"]
[Site "?"]
[Date "2012.11.10"]
[Round "2.3"]
[White "Kofler, Albin"]
[Black "Lang, Guenther"]
[Result "0-1"]
[WhiteElo "1560"]
[BlackElo "1649"]
[PlyCount "50"]
[EventDate "2012.??.??"]

1. d4 f5 2. c4 Nf6 3. Nc3 g6 4. Nf3 Bg7 5. Bf4 O-O 6. e3 d6 7. Bd3 c6 8. O-O h6
9. h3 g5 10. Bg3 Na6 11. a3 Nc7 12. Qc2 Nh5 13. Qe2 Qe8 14. Rad1 Ne6 15. Qc2
Qf7 16. Ne2 Qf6 17. d5 Nc5 18. Nfd4 Nxd3 19. Qxd3 c5 20. Ne6 Bxe6 21. dxe6 Qxe6
22. Qd5 Qxd5 23. cxd5 b5 24. Nc3 a6 25. f4 Nxg3 0-1

[Event "SC SSV Bruneck-SC Lana"]
[Site "?"]
[Date "2012.11.10"]
[Round "2.4"]
[White "Oberhammer, Guenther"]
[Black "Del Rosso, Peter"]
[Result "1-0"]
[WhiteElo "1600"]
[BlackElo "1505"]
[PlyCount "85"]
[EventDate "2012.??.??"]

1. e4 Nf6 2. Nc3 e5 3. Bc4 Be7 4. Nf3 Nc6 5. O-O O-O 6. h3 Nxe4 7. Bxf7+ Rxf7
8. Nxe4 d5 9. Ng3 Qf8 10. Nh2 Bc5 11. Nh1 Bd7 12. d3 Re8 13. Be3 Bd6 14. c3 Re6
15. Qb3 d4 16. cxd4 exd4 17. Bd2 b6 18. Rae1 Rg6 19. Ng3 Kh8 20. Qd5 a5 21. Re2
Rgf6 22. Bg5 Rf5 23. Nxf5 Rxf5 24. Qe4 Rxg5 25. Nf3 Rg6 26. Qd5 Rf6 27. Rfe1 h6
28. Nh4 Rf4 29. Ng6+ Kh7 30. Nxf8+ Rxf8 31. Qe4+ Kh8 32. Qd5 Kh7 33. Re4 Nb4
34. Qxd4 Nc2 35. Qc3 Nxe1 36. Qxe1 Bc6 37. Rg4 Re8 38. Qc3 Bf8 39. Qxc6 Re1+
40. Kh2 Bd6+ 41. g3 Re2 42. Kg2 Rxb2 43. Qe4+ 1-0

[Event "SC SSV Bruneck-SC Lana"]
[Site "?"]
[Date "2012.11.10"]
[Round "2.5"]
[White "Menghin, Karl"]
[Black "Scanferla, Antonio"]
[Result "0-1"]
[WhiteElo "1439"]
[BlackElo "1360"]
[PlyCount "86"]
[EventDate "2012.??.??"]

1. c4 e5 2. Nc3 Nf6 3. d4 exd4 4. Qxd4 Nc6 5. Qd1 Bb4 6. Bd2 O-O 7. e3 d6 8.
Be2 Bf5 9. a3 Bxc3 10. Bxc3 Ne4 11. Rc1 Qg5 12. g3 Nxc3 13. Rxc3 Rad8 14. Qd5
Qg6 15. Qb5 Ne5 16. f3 Bd7 17. Qb3 Qb1+ 18. Bd1 Bf5 19. Ke2 Nd3 20. Kf1 Nxb2
21. e4 Qxd1+ 22. Qxd1 Nxd1 23. Rd3 Nb2 24. Rb3 Nxc4 25. Rc3 Be6 26. Ne2 c5 27.
Nf4 b5 28. Kf2 g5 29. Ne2 d5 30. h4 gxh4 31. Rxh4 d4 32. Rc1 f6 33. Rch1 Rf7
34. Nf4 Re8 35. Nd3 Rc8 36. Rh5 f5 37. e5 Rc6 38. f4 Nd2 39. Rd1 Ne4+ 40. Kg2
Rg7 41. Rh3 Bd5 42. Kh2 Rcg6 43. Rg1 a5 0-1

[Event "SC SSV Taufers-SK Steinegg/Raiffeisen"]
[Site "?"]
[Date "2012.11.10"]
[Round "2.1"]
[White "Engl, Stefan"]
[Black "Niederkofler, Andreas"]
[Result "1/2-1/2"]
[WhiteElo "1828"]
[BlackElo "1770"]
[PlyCount "152"]
[EventDate "2012.??.??"]

1. f4 c5 2. e4 b6 3. Nf3 Bb7 4. Nc3 d6 5. b3 Nf6 6. d3 e6 7. Be2 g6 8. O-O Bg7
9. Bb2 Nc6 10. Qe1 a6 11. Qh4 Nd7 12. Qh3 Nd4 13. Bd1 b5 14. Kh1 Rc8 15. Ne2 e5
16. fxe5 dxe5 17. Nfxd4 cxd4 18. c3 dxc3 19. Nxc3 b4 20. Na4 O-O 21. Bg4 Rc7
22. Bxd7 Qxd7 23. Qxd7 Rxd7 24. Nc5 Rc7 25. Nxb7 Rxb7 26. Rac1 Rd8 27. Rf3 Rbd7
28. Kg1 f6 29. Rd1 Rd6 30. Kf2 Bh6 31. Ke1 Kg7 32. h4 Rc8 33. Rf2 Bf4 34. Ke2
Bg3 35. Rf3 Bxh4 36. Rc1 Rdc6 37. Rc4 a5 38. Rf1 Bg5 39. Bc1 Rxc4 40. dxc4 Bxc1
41. Rxc1 Rc5 42. Rd1 Rc6 43. Rd5 Ra6 44. Rb5 Kf7 45. Rb7+ Ke6 46. Rxh7 f5 47.
exf5+ Kxf5 48. Ke3 g5 49. Rf7+ Ke6 50. Rf8 Rc6 51. Ke4 Rc5 52. Rf5 a4 53. Rxg5
axb3 54. axb3 Ra5 55. Rg6+ Kd7 56. Rb6 Ra2 57. Rxb4 Rxg2 58. Kxe5 Rd2 59. Rb5
Kc6 60. b4 Rd1 61. Rd5 Re1+ 62. Kd4 Rd1+ 63. Ke4 Re1+ 64. Kf3 Rc1 65. b5+ Kc7
66. Rc5+ Kb7 67. Rc6 Re1 68. Kf4 Re2 69. Kf5 Re1 70. Re6 Rc1 71. Re4 Kb6 72.
Ke6 Rd1 73. Re5 Rd4 74. c5+ Kxb5 75. Rd5 Rg4 76. Re5 Kc6 1/2-1/2

[Event "SC SSV Taufers-SK Steinegg/Raiffeisen"]
[Site "?"]
[Date "2012.11.10"]
[Round "2.2"]
[White "Holzer, Phillipp"]
[Black "Lantschner, Carmen"]
[Result "1/2-1/2"]
[WhiteElo "1759"]
[BlackElo "1726"]
[PlyCount "101"]
[EventDate "2012.??.??"]

1. d4 d6 2. e4 Nf6 3. Nc3 g6 4. f4 Bg7 5. Nf3 c5 6. dxc5 Qa5 7. Bd2 Qxc5 8. Bd3
b6 9. Qe2 O-O 10. a3 Nbd7 11. Be3 Qc7 12. O-O Bb7 13. Nd4 Qd8 14. Nb3 Rc8 15.
Rae1 Nc5 16. Nxc5 bxc5 17. b3 a5 18. Bd2 Bc6 19. a4 Ra8 20. h3 Nh5 21. Kh2 Nf6
22. g3 e6 23. Nb5 d5 24. e5 Nd7 25. h4 Nb6 26. Nd6 Nc8 27. Nxc8 Qxc8 28. Bb5
Qd7 29. Bxc6 Qxc6 30. Rb1 Rfb8 31. Rfd1 Qc7 32. Bc1 c4 33. Ba3 Qc6 34. Bd6 Rc8
35. Rd2 Bf8 36. Bxf8 Kxf8 37. bxc4 Qxc4 38. Rb7 Qxe2+ 39. Rxe2 Rc4 40. Kh3 Rac8
41. Kg4 Rxc2 42. Rxc2 Rxc2 43. Ra7 Rc5 44. Kf3 Kg7 45. g4 h6 46. h5 gxh5 47.
gxh5 Rc3+ 48. Kg4 Rc5 49. Kf3 d4 50. Ke4 Rd5 51. Kd3 1/2-1/2

[Event "SC SSV Taufers-SK Steinegg/Raiffeisen"]
[Site "?"]
[Date "2012.11.10"]
[Round "2.3"]
[White "Engl, Alexander"]
[Black "Forer, Erich"]
[Result "0-1"]
[WhiteElo "1710"]
[BlackElo "1733"]
[PlyCount "130"]
[EventDate "2012.??.??"]

1. f4 Nf6 2. Nf3 g6 3. g3 Bg7 4. Bg2 c6 5. O-O d6 6. Na3 O-O 7. c3 Ne4 8. Qe1
d5 9. d3 Qb6+ 10. Kh1 Nd6 11. e4 dxe4 12. dxe4 Be6 13. Qe2 h6 14. Be3 c5 15.
Bf2 Qa6 16. Qxa6 Nxa6 17. Nd2 Rab8 18. e5 Nc8 19. Ne4 b6 20. Rfd1 Nc7 21. c4 a6
22. Nc3 f6 23. exf6 Bxf6 24. Rac1 Nd6 25. b3 Nf5 26. Rc2 Nd4 27. Bxd4 Bxd4 28.
Ne4 Rbd8 29. Rcd2 Bg4 30. Re1 Bg7 31. h3 Rxd2 32. Nxd2 Be6 33. Nf3 Bf6 34. Ne5
Kg7 35. Nb1 Rd8 36. Be4 Bxe5 37. fxe5 Bxh3 38. Nc3 Bf5 39. Bxf5 gxf5 40. Re2
Rd3 41. Na4 Rxg3 42. Nxb6 Rd3 43. Nc8 Kf7 44. Rh2 Rd1+ 45. Kg2 Rd2+ 46. Kg3
Rxh2 47. Kxh2 Ne6 48. a3 Nd4 49. b4 cxb4 50. axb4 Nc6 51. b5 axb5 52. cxb5 Nxe5
53. b6 Nc6 54. b7 Ke8 55. Na7 Nb8 56. Kg3 e5 57. Nc8 Kd7 58. Nb6+ Kc7 59. Nc8
Nc6 60. b8=Q+ Nxb8 61. Ne7 f4+ 62. Kf3 Nc6 63. Nf5 h5 64. Ke4 Kd8 65. Kd5 Ne7+
0-1

[Event "SC SSV Taufers-SK Steinegg/Raiffeisen"]
[Site "?"]
[Date "2012.11.10"]
[Round "2.4"]
[White "Haidacher, Gerold"]
[Black "Resch, Aaron"]
[Result "1/2-1/2"]
[WhiteElo "1726"]
[BlackElo "1709"]
[PlyCount "136"]
[EventDate "2012.??.??"]

1. d4 b6 2. Nf3 Bb7 3. g3 g6 4. Bg2 Bg7 5. O-O e6 6. c3 Ne7 7. Nbd2 d6 8. e4
Nd7 9. Re1 O-O 10. Nf1 h6 11. Qc2 d5 12. e5 c5 13. Be3 Rc8 14. Qd2 Nf5 15. Bh3
cxd4 16. cxd4 Nxe3 17. Nxe3 Qe7 18. Rac1 Rxc1 19. Rxc1 Rc8 20. Rxc8+ Bxc8 21.
Qc2 Qd8 22. Qc6 Nb8 23. Qc3 Ba6 24. Ne1 Bf8 25. N1c2 Qd7 26. Nb4 Bb7 27. Ng4
Bg7 28. Bf1 h5 29. Ne3 Bf8 30. a3 Nc6 31. Nbc2 a6 32. b4 Na7 33. g4 hxg4 34.
Nxg4 Be7 35. Qh3 Nc6 36. Bd3 Bg5 37. f4 Be7 38. Qh6 Qd8 39. Qh3 Qf8 40. Nh6+
Kg7 41. Ng4 Qh8 42. Qg3 Qh4 43. Qg2 a5 44. f5 exf5 45. Bxf5 gxf5 46. Nf6+ Kh6
47. Nxd5 axb4 48. axb4 Bxb4 49. Nde3 Qg5 50. Qxg5+ Kxg5 51. d5 Nxe5 52. Nxb4
Nf3+ 53. Kg2 Kf4 54. Nc4 Ne5 55. Nxb6 Ke4 56. Kf1 Kd4 57. d6 Kc5 58. d7 Nxd7
59. Nxd7+ Kxb4 60. Ne5 f6 61. Nd7 f4 62. Nxf6 Kc4 63. h4 Kd4 64. h5 Ke5 65.
Ng4+ Kf5 66. h6 Kg6 67. Kf2 Bc8 68. Kf3 Bxg4+ 1/2-1/2

[Event "SC SSV Taufers-SK Steinegg/Raiffeisen"]
[Site "?"]
[Date "2012.11.10"]
[Round "2.5"]
[White "Schgaguler, Guenther"]
[Black "Innerbichler, Robert"]
[Result "0-1"]
[WhiteElo "1559"]
[BlackElo "1398"]
[PlyCount "126"]
[EventDate "2012.??.??"]

1. e4 e5 2. Nf3 d6 3. Bc4 Be6 4. Qe2 h6 5. Nc3 Nf6 6. b3 Bxc4 7. Qxc4 Nbd7 8.
O-O Be7 9. a4 O-O 10. Re1 a6 11. Qe2 Nh7 12. d3 c6 13. Be3 Ng5 14. a5 f5 15.
Nxg5 Bxg5 16. exf5 Rxf5 17. Ne4 Bxe3 18. Qxe3 Nf6 19. Nxf6+ Qxf6 20. Ra4 Rf8
21. Re2 Qd8 22. h3 Qd7 23. Rg4 Rf4 24. Rxf4 Rxf4 25. c3 Qf7 26. Qb6 Rf6 27. Qb4
Kh8 28. c4 Qd7 29. Qa4 Qf5 30. Rd2 Rg6 31. Kh1 Qg5 32. f4 exf4 33. Qa2 f3 34.
Rf2 fxg2+ 35. Rxg2 Qc1+ 36. Kh2 Qf4+ 37. Kh1 Qf1+ 38. Kh2 Rxg2+ 39. Qxg2 Qxd3
40. Qg4 Qd2+ 41. Kh1 Qe1+ 42. Kh2 Qe5+ 43. Kh1 Qe8 44. b4 d5 45. cxd5 cxd5 46.
Kg2 Kh7 47. Kf3 g5 48. Qf5+ Kg7 49. Qxd5 Qf7+ 50. Qxf7+ Kxf7 51. Kg4 Kg6 52.
Kg3 Kf5 53. Kf3 h5 54. Kg3 Ke4 55. h4 gxh4+ 56. Kxh4 Kd4 57. Kxh5 Kc4 58. Kg4
Kxb4 59. Kf3 Kxa5 60. Ke3 Kb4 61. Kd2 Kb3 62. Kc1 Ka2 63. Kc2 b5 0-1

[Event "SG Kaltern/Tramin-SK Klausen"]
[Site "?"]
[Date "2012.11.10"]
[Round "2.1"]
[White "Schacher, Gerd"]
[Black "Bertagnolli, Alexander"]
[Result "1/2-1/2"]
[WhiteElo "2300"]
[BlackElo "2294"]
[PlyCount "142"]
[EventDate "2012.??.??"]

1. g3 d5 2. Bg2 c6 3. c4 dxc4 4. Nf3 Nf6 5. Na3 b5 6. b3 cxb3 7. Qxb3 e6 8. Ne5
Nd5 9. O-O f6 10. Nf3 Be7 11. Bb2 a6 12. e4 Nc7 13. d4 O-O 14. Rac1 Qe8 15. Nc2
Qf7 16. Ne3 Bb7 17. Ba3 c5 18. Bxc5 Bxe4 19. Ne5 fxe5 20. Bxe4 Bxc5 21. Rxc5
exd4 22. Qc2 d3 23. Bxd3 Nd5 24. Nxd5 exd5 25. Bxh7+ Kh8 26. Bg6 Qf3 27. Rd1
Nd7 28. Rcxd5 Rac8 29. Qd2 Nf6 30. Qg5 Kg8 31. R5d3 Qxf2+ 32. Kxf2 Ne4+ 33. Kg2
Nxg5 34. R1d2 Rf6 35. Rd8+ Rxd8 36. Rxd8+ Rf8 37. Rd6 Rf6 38. Rd8+ Rf8 39. Rd5
Ne6 40. h4 Rd8 41. Bf5 Re8 42. Rd6 Nc5 43. Kf3 b4 44. Kf4 Kf7 45. Rc6 Ne6+ 46.
Kg4 g6 47. Bc2 a5 48. Ra6 Kf6 49. Bb3 Re7 50. Rxa5 Nd4 51. Ra6+ Kg7 52. Bc4
Re4+ 53. Kh3 Ne2 54. Ra7+ Kf8 55. Bxe2 Rxe2 56. Kg4 Re5 57. Kf4 Rb5 58. g4 Kg8
59. Re7 Ra5 60. Rb7 g5+ 61. hxg5 Rxa2 62. Kf5 Ra5+ 63. Kg6 Ra6+ 64. Kh5 b3 65.
Rxb3 Ra7 66. Rb6 Kg7 67. Rg6+ Kh7 68. Re6 Kg7 69. g6 Rb7 70. g5 Rb1 71. Re7+
Kg8 1/2-1/2

[Event "SG Kaltern/Tramin-SK Klausen"]
[Site "?"]
[Date "2012.11.10"]
[Round "2.2"]
[White "Paltrinieri, Nicholas"]
[Black "Seebacher, Reinhard"]
[Result "1-0"]
[WhiteElo "2119"]
[BlackElo "1880"]
[PlyCount "87"]
[EventDate "2012.??.??"]

1. d4 d5 2. Bg5 h6 3. Bh4 c5 4. dxc5 Qa5+ 5. Nc3 g5 6. Qd4 Nf6 7. b4 Qd8 8. e4
gxh4 9. O-O-O Nc6 10. Bb5 Be6 11. exd5 Bxd5 12. Nxd5 Qxd5 13. Qxd5 Nxd5 14.
Rxd5 Bg7 15. Nf3 a5 16. a4 O-O 17. Rd7 Rab8 18. bxa5 Nxa5 19. Rxe7 Rbc8 20.
Rhe1 Rxc5 21. Re8 Bf6 22. Rxf8+ Kxf8 23. Re4 h3 24. g3 Rc3 25. Re3 Rc5 26. Re4
Rc3 27. Re3 Rc5 28. Kd2 Nc4+ 29. Bxc4 Rxc4 30. Rb3 Rxa4 31. Rxb7 Rc4 32. Rb5
Kg7 33. Rd5 Rc6 34. Ng1 Bc3+ 35. Ke3 Be1 36. Nxh3 Rc3+ 37. Ke2 Bxf2 38. Nxf2
Rxc2+ 39. Rd2 Rc4 40. Kf3 h5 41. Rd5 Kg6 42. Nd3 Rc3 43. h4 f6 44. Kg2 1-0

[Event "SG Kaltern/Tramin-SK Klausen"]
[Site "?"]
[Date "2012.11.10"]
[Round "2.3"]
[White "Schrott, Johann"]
[Black "Bertagnolli, Gerhard"]
[Result "0-1"]
[WhiteElo "1787"]
[BlackElo "1923"]
[PlyCount "68"]
[EventDate "2012.??.??"]

1. e4 c5 2. Nf3 e6 3. d4 cxd4 4. Nxd4 a6 5. a4 b6 6. Nc3 Bb7 7. Bd3 Qc7 8. Qe2
d6 9. Be3 Nd7 10. f4 Ngf6 11. O-O Be7 12. Kh1 Nc5 13. Bg1 O-O 14. Rf3 d5 15. e5
Nfe4 16. Rh3 g6 17. Nd1 Rfe8 18. Ne3 Bf8 19. Ng4 Bg7 20. b4 Nc3 21. Qe1 N5e4
22. Qh4 h5 23. Ne3 Qe7 24. Qe1 Rec8 25. g4 hxg4 26. Nxg4 Rc4 27. Be3 Rxb4 28.
Bxe4 Nxe4 29. Nf6+ Nxf6 30. Qh4 Kf8 31. exf6 Qxf6 32. Qxf6 Bxf6 33. c3 Rc4 34.
Rc1 Rac8 0-1

[Event "SG Kaltern/Tramin-SK Klausen"]
[Site "?"]
[Date "2012.11.10"]
[Round "2.4"]
[White "Dibiasi, Rainer"]
[Black "Sigmund, Ingenuin"]
[Result "1-0"]
[WhiteElo "1806"]
[BlackElo "1728"]
[PlyCount "69"]
[EventDate "2012.??.??"]

1. Nf3 Nf6 2. g3 d5 3. c4 c6 4. Bg2 dxc4 5. Qc2 g6 6. Qxc4 Bg7 7. Nc3 O-O 8.
O-O Be6 9. Qa4 Qc8 10. Re1 Na6 11. d4 h6 12. e4 Re8 13. Qc2 Nb4 14. Qe2 b5 15.
b3 a5 16. Bb2 Nh7 17. Rac1 Qd7 18. a3 Na6 19. d5 cxd5 20. exd5 Bg4 21. Ne5 Bxe5
22. Qxe5 f6 23. Qe3 Kg7 24. Ne4 Rac8 25. Qb6 Nc7 26. Nc5 Qf5 27. Be4 Qh5 28.
Qc6 Ng5 29. d6 exd6 30. Qxd6 Rf8 31. Nd3 Nxe4 32. Rxe4 Rf7 33. Re7 Qd5 34.
Qxf6+ Kg8 35. Qh8# 1-0

[Event "SG Kaltern/Tramin-SK Klausen"]
[Site "?"]
[Date "2012.11.10"]
[Round "2.5"]
[White "Seebacher, Michael"]
[Black "Dallaglio, Giovanni"]
[Result "0-1"]
[WhiteElo "1403"]
[BlackElo "1675"]
[PlyCount "50"]
[EventDate "2012.??.??"]

1. e4 e6 2. d4 d5 3. exd5 exd5 4. Bd3 Bd6 5. Ne2 Ne7 6. O-O O-O 7. c3 Bf5 8.
Bf4 Nbc6 9. Bxf5 Nxf5 10. Nd2 Re8 11. Re1 Rxe2 12. Rxe2 Bxf4 13. Qc2 Nfxd4 14.
cxd4 Nxd4 15. Qd3 Nxe2+ 16. Qxe2 Bxd2 17. Qxd2 c6 18. Re1 Qd7 19. h3 Re8 20.
Rxe8+ Qxe8 21. Qa5 a6 22. Kf1 Qe7 23. Qd2 h5 24. Qd3 Qe4 25. Qb3 Qc4+ 0-1

[Event "SG Kaltern/Tramin-SK Klausen"]
[Site "?"]
[Date "2012.11.10"]
[Round "2.6"]
[White "Sinner, Armin"]
[Black "Blasbichler, Robert"]
[Result "1/2-1/2"]
[WhiteElo "1608"]
[BlackElo "1590"]
[PlyCount "51"]
[EventDate "2012.??.??"]

1. e4 c5 2. Nf3 d6 3. d4 cxd4 4. Nxd4 Nf6 5. Nc3 a6 6. Bg5 e6 7. f4 Be7 8. Qd2
Nbd7 9. O-O-O Qc7 10. f5 e5 11. Nf3 b5 12. Bxf6 Nxf6 13. Nd5 Nxd5 14. Qxd5 Bb7
15. Qd3 Rc8 16. Kb1 Qc6 17. Re1 f6 18. Qb3 Qc5 19. Bd3 Bc6 20. Rhf1 d5 21. g4
h6 22. Nh4 Kd8 23. Ng6 Re8 24. h3 Qb4 25. Nxe7 Qxe7 26. exd5 1/2-1/2

[Event "SK Gries-Groeden"]
[Site "?"]
[Date "2012.11.10"]
[Round "2.1"]
[White "Demetz, Rainer"]
[Black "Spornberger, Maximilian"]
[Result "1-0"]
[WhiteElo "2170"]
[BlackElo "2222"]
[PlyCount "141"]
[EventDate "2012.??.??"]

1. Nf3 g6 2. g3 Bg7 3. Bg2 d6 4. O-O e5 5. d3 Nc6 6. c4 f5 7. Nc3 Nf6 8. Rb1
O-O 9. b4 h6 10. b5 Ne7 11. a4 Be6 12. a5 b6 13. Ne1 Rc8 14. Nc2 g5 15. Nb4 f4
16. e3 Qe8 17. e4 g4 18. Re1 Nh7 19. Ncd5 Ng6 20. Ra1 Ng5 21. axb6 axb6 22. Ra7
Rf7 23. Bd2 Qf8 24. Qc1 h5 25. Nc2 fxg3 26. hxg3 Nh3+ 27. Bxh3 gxh3 28. f4 exf4
29. Bxf4 h4 30. Qe3 Bxd5 31. cxd5 hxg3 32. Bxg3 Rf3 33. Qg5 Ne5 34. Nd4 Rxd3
35. Bxe5 dxe5 36. Ne6 h2+ 37. Kh1 Qf3+ 38. Qg2 Qxg2+ 39. Kxg2 Rd2+ 40. Kh1 Bf8
41. Nxc7 Bc5 42. Ne6 Bg1 43. Rf1 Bf2 44. Rg7+ Kh8 45. Rg2 Rcc2 46. Rxh2+ Kg8
47. Rg2+ Kf7 48. Ng5+ Ke7 49. Nf3 Re2 50. Nxe5 Rxe4 51. Nc6+ Kd6 52. Rgxf2 Rxf2
53. Rxf2 Kxd5 54. Rc2 Re1+ 55. Kg2 Rb1 56. Na7 Ra1 57. Nc8 Rb1 58. Nxb6+ Kd4
59. Rc4+ Kd3 60. Rc5 Kd4 61. Rh5 Rc1 62. Rd5+ Ke4 63. Rh5 Rc2+ 64. Kg3 Kd4 65.
Na4 Ra2 66. b6 Ra3+ 67. Kf2 Ra2+ 68. Ke1 Ke3 69. Rh3+ Kd4 70. Rb3 Kc4 71. Rb2
1-0

[Event "SK Gries-Groeden"]
[Site "?"]
[Date "2012.11.10"]
[Round "2.2"]
[White "Spornberger, Andre"]
[Black "Bernardi, Ruben"]
[Result "1-0"]
[WhiteElo "2048"]
[BlackElo "2102"]
[PlyCount "91"]
[EventDate "2012.??.??"]

1. e4 c5 2. c3 Nf6 3. e5 Nd5 4. d4 cxd4 5. cxd4 Nc6 6. Nf3 g6 7. Qb3 e6 8. Nc3
Nxc3 9. bxc3 Bg7 10. Ba3 Ne7 11. Bd3 O-O 12. Be4 f5 13. Bd3 Re8 14. O-O b6 15.
Nd2 Bb7 16. Be2 Nc8 17. f4 Bf8 18. Bxf8 Kxf8 19. Bf3 d5 20. exd6 Nxd6 21. Bxb7
Nxb7 22. Rae1 Qf6 23. Nf3 h6 24. Re3 Nd6 25. Ne5 Kg7 26. Rg3 g5 27. fxg5 hxg5
28. h4 g4 29. Rxg4+ fxg4 30. Rxf6 Kxf6 31. Nxg4+ Kg7 32. Ne5 Nf7 33. Qd1 Nxe5
34. dxe5 Rac8 35. Qd7+ Kf8 36. Qxa7 Rxc3 37. Qxb6 Rc4 38. a3 Kg8 39. Qf2 Rf8
40. Qg3+ Kh8 41. Qg5 Rff4 42. Qh6+ Kg8 43. Qxe6+ Kf8 44. h5 Rg4 45. h6 Rc1+ 46.
Kh2 1-0

[Event "SK Gries-Groeden"]
[Site "?"]
[Date "2012.11.10"]
[Round "2.4"]
[White "Paulmichl, Martin"]
[Black "Oberrauch, Martin"]
[Result "0-1"]
[WhiteElo "1953"]
[BlackElo "2027"]
[PlyCount "134"]
[EventDate "2012.??.??"]

1. d4 d5 2. Bg5 Nf6 3. Bxf6 exf6 4. e3 Bf5 5. Bd3 Qd7 6. Ne2 Nc6 7. a3 Bd6 8.
Nbc3 Ne7 9. Nb5 O-O 10. Nxd6 Qxd6 11. O-O Rfe8 12. Ng3 Bg6 13. c4 dxc4 14. Bxc4
Qb6 15. Qb3 Rad8 16. Rac1 c6 17. Rfe1 Nd5 18. Ne2 Qxb3 19. Bxb3 Nb6 20. Nf4 Be4
21. f3 Bd5 22. Nxd5 Nxd5 23. Kf2 Nb6 24. Red1 Rd7 25. e4 Red8 26. Ke3 Kf8 27.
a4 Nc8 28. a5 Ne7 29. Ba4 Rd6 30. Rc3 f5 31. b4 fxe4 32. fxe4 Rg6 33. Kf3 f5
34. e5 Nd5 35. Rc4 a6 36. g3 Ke7 37. Rb1 Rh6 38. Rb2 g5 39. Re2 g4+ 40. Kg2 f4
41. Kg1 fxg3 42. hxg3 Rf8 43. Re4 Rf3 44. Kg2 Ne3+ 45. Rxe3 Rxe3 46. d5 Rxe5
47. dxc6 bxc6 48. Rxg4 c5 49. b5 axb5 50. Bxb5 c4 51. Bxc4 Rxa5 52. Rg7+ Kd6
53. Bd3 Ra2+ 54. Kf3 Rf6+ 55. Ke3 h6 56. Rg6 Rxg6 57. Bxg6 Ke5 58. g4 Ra3+ 59.
Kf2 Kf4 60. Bh5 Ra2+ 61. Kf1 Ke3 62. Kg1 Kf3 63. g5+ Kg3 64. Kf1 hxg5 65. Bd1
Ra1 66. Ke2 Rxd1 67. Kxd1 Kf2 0-1

[Event "SK Gries-Groeden"]
[Site "?"]
[Date "2012.11.10"]
[Round "2.5"]
[White "Moroder, Thomas"]
[Black "Niederstaetter, Harald"]
[Result "1-0"]
[WhiteElo "1894"]
[BlackElo "1930"]
[PlyCount "43"]
[EventDate "2012.??.??"]

1. d4 c6 2. e4 d5 3. Nc3 dxe4 4. Nxe4 Bf5 5. Ng3 Bg6 6. h4 h6 7. Nf3 Nd7 8. Bd3
Bxd3 9. Qxd3 e6 10. Bd2 Ngf6 11. O-O-O Qc7 12. Kb1 Bd6 13. Ne4 Nxe4 14. Qxe4
O-O-O 15. c4 Rhe8 16. c5 Bf8 17. Bf4 Qa5 18. Ne5 Nxe5 19. Qxe5 Kd7 20. Rh3 f6
21. Qh5 a6 22. Ra3 1-0